| 000 -LEADER |
| fixed length control field |
01194nam a22002777 4500 |
| 001 - CONTROL NUMBER |
| control field |
RU\PGU\4954 |
| 005 - DATE AND TIME OF LATEST TRANSACTION |
| control field |
20220627135521.0 |
| 008 - FIXED-LENGTH DATA ELEMENTS--GENERAL INFORMATION |
| fixed length control field |
220627sru xxu||||| |||| 00| 0 rus d |
| 040 00 - CATALOGING SOURCE |
| Original cataloging agency |
РГПУ им.А.И.Герцена |
| 080 ## - UNIVERSAL DECIMAL CLASSIFICATION NUMBER |
| Universal Decimal Classification number |
811.13(075.8) A-50 |
| 090 00 - LOCALLY ASSIGNED LC-TYPE CALL NUMBER (OCLC); LOCAL CALL NUMBER (RLIN) |
| Classification number (OCLC) (R) ; Classification number, CALL (RLIN) (NR) |
1658421 |
| 091 00 - MICROFILM SHELF LOCATION (AM) [OBSOLETE] |
| Microfilm shelf location |
Ш147-923 |
| 100 10 - MAIN ENTRY--PERSONAL NAME |
| Personal name |
Алисова,Татьяна Борисовна |
| 9 (RLIN) |
14233 |
| 245 00 - TITLE STATEMENT |
| Title |
Введение в романскую филологию : |
| Remainder of title |
Учеб.для ин-тов и фак.иностр.яз. / |
| Statement of responsibility, etc. |
Т. Б. Алисова, Т. А. Репина, Мария Таривердиева. |
| 250 00 - EDITION STATEMENT |
| Edition statement |
2-е изд. |
| Remainder of edition statement |
испр.и доп. |
| 260 00 - PUBLICATION, DISTRIBUTION, ETC. |
| Place of publication, distribution, etc. |
М. |
| Name of publisher, distributor, etc. |
Высш.шк. |
| Date of publication, distribution, etc. |
1987 |
| 300 00 - PHYSICAL DESCRIPTION |
| Extent |
343,[1]с. |
| Dimensions |
22см. |
| 504 00 - BIBLIOGRAPHY, ETC. NOTE |
| Bibliography, etc. note |
Библиогр.:с.338-339. |
| 520 00 - SUMMARY, ETC. |
| Summary, etc. |
Романские языки - Учебники и пособия. |
| 653 ## - INDEX TERM--UNCONTROLLED |
| keyword |
Введение в романскую филологию |
| 653 ## - INDEX TERM--UNCONTROLLED |
| keyword |
ფრანგული ფილოლოგია |
| 700 10 - ADDED ENTRY--PERSONAL NAME |
| Personal name |
Репина,Тамара Александровна |
| 9 (RLIN) |
14234 |
| 700 10 - ADDED ENTRY--PERSONAL NAME |
| Personal name |
Таривердиева,Мария Акоповна |
| 9 (RLIN) |
14235 |
| 942 ## - ADDED ENTRY ELEMENTS (KOHA) |
| Source of classification or shelving scheme |
|
| Koha item type |
წიგნი |